| 000 | 00812nam a22002417a 4500 | ||
|---|---|---|---|
| 003 | OSt | ||
| 005 | 20260122045035.0 | ||
| 008 | 260122b |||||||| |||| 00| 0 eng d | ||
| 020 | _a0-7674-1679-1. | ||
| 040 |
_aDWCL-Main lib. _cOC |
||
| 082 |
_24th ed. _aCirc. 613.7043 F14f 2001 |
||
| 100 | _aFahey, Thomas D. | ||
| 245 |
_aFit and well: _bcore concepts and labs in physical fitness and wellness/ _cThomas D. Fahey |
||
| 250 | _a4th ed. | ||
| 260 |
_aCalifornia: _bMayfield Publishing Co., _c c2001. |
||
| 300 |
_axvi, 190 pages : _b illustration ; _c28 centimeters. |
||
| 504 | _aIncludes bibliographical references and index. | ||
| 650 | _a1. Health. | ||
| 650 | _a2. Physical Fitness. | ||
| 700 | _aInsel, Paul M. | ||
| 700 | _dRoth, Walton T. | ||
| 942 |
_2ddc _cBK-CIRC _e4th ed. _hCirc. _n0 |
||
| 999 |
_c7687 _d7687 |
||